000 00542nam a2200157Ia 4500
003 GCL
008 140319s9999 xx 000 0 ara d
040 _aGCL /
_cGCL
082 0 4 _a301.3
_bم د
100 1 _aعلى ليلة \\=aمحمد عامر ابوالمجدv
245 1 0 _aدور الخدمة الاجتماعية فى حماية البيئة /
_cعلى ليلة
260 _a[S.N] :
_bالمكتبة الاكاديمية ،
_c1996
300 _a384 ص ؛
_c24 سم
650 0 4 _aالخدمة الاجتماعية
942 _2ddc
_cBK
999 _c49298
_d49298